00365nam a2200109Ia 4500008004100000082001800041100002400059245001700083260007100100630001800171650006600189211109s9999||||xx |||||||||||||| ||und|| a515.69bVAV-V aVavoulis, Alexander 0aVolume title bJournal of Nirmala Academic and Research PublicationsaIndiac2003 xGeneral Stack aNatural SciencesvMathematicsxMathematical AnalysisGeneralia